| 000 | 00876nam a22002417a 4500 | ||
|---|---|---|---|
| 005 | 20120924151824.0 | ||
| 008 | 120924t xxu||||| |||| 00| 0 eng d | ||
| 010 | _aENG-105955 | ||
| 020 |
_a9789380833552 _c895.00 |
||
| 035 | _aEN-89488 | ||
| 037 | _bDBAD/PUB | ||
| 040 |
_aDPL _bEnglish |
||
| 082 | _a350 | ||
| 100 | _952247 | ||
| 245 |
_aAdministrative thought : _cedited by Ashok Kumar _ba brief survey / |
||
| 260 |
_aNew Delhi _bGlobal Publications _c2012 |
||
| 270 |
_a4378/4B, G-4 JMD House, Murari Lal Street, Ansari Road, Daryaganj _bNew Delhi _e110002 _mglobalpublications4u@gmail.com |
||
| 300 |
_avi,296p. _c22cm(Hb) |
||
| 500 | _aIncludes index | ||
| 700 |
_aAshok Kumar _952581 |
||
| 942 |
_2ddc _cEN _h350 _mADM |
||
| 999 |
_c70249 _d70249 |
||